Asia General Knowledge #1 - Statistics

General Stats
  • This quiz has been taken 129 times
  • The average score is 8 of 15
Answer Stats
Question Answer % Correct
Most Populated Country in Asia? China
94%
Capital of Taiwan? Taipei
88%
Capital of Iran? Tehran
75%
Capital Of Kazakhstan? Astana
56%
Largest City in Pakistan? Karachi
54%
Country with the lowest GDP per Capita? Afghanistan
52%
Least Peaceful Country in Asia according to Global Peace Index? Syria
52%
Smallest Country by Area in Asia? Maldives
51%
3rd largest city in South Korea? Busan
44%
Which Country in Asia currently has 31 countries that do not recognize them? Israel
44%
Largest City in Uzbekistan? Tashkent
44%
Nearest Russian City to North Korea? Vladivostok
43%
Which Country in Asia has a little over 100 million people living there? Philippines
41%
23rd Largest Country in Asia by Area? Laos
40%
Second Largest City in Japan? Yokohama
29%
No matching quizzes found
Score Distribution
Percent of People with Each Score
Percentile by Number Answered
Your Score History
You have not taken this quiz